Statistiques concernant Personnages One Piece

Cliquez ici pour prendre le quiz!

Statistiques générales

  • Ce quiz a été pris 1 489 fois
    (1 486 depuis la dernière actualisation)
  • Le résultat moyen est 110 sur 498

Statistiques - réponses

Équipage au Chapeau de Paille% Correct
Monkey D. Luffy
99%
Roronoa Zoro
99%
Nami
98%
Nico Robin
98%
Tony Tony Chopper
98%
Vinsmock Sanji
98%
Brook
97%
Franky
97%
Usopp
97%
Shanks
92%
Baggy
87%
Portgas D. Ace
86%
Arlong
85%
Edward Newgate
85%
Marshall D. Teach
83%
Don Quichotte Doflamingo
81%
Alvida
80%
Gol D. Roger
80%
Sabo
80%
Foxy
79%
Charlotte Linlin
78%
Marco
78%
Crocodile
77%
Kaido
76%
Monkey D. Garp
76%
Trafalgar D. Water Law
76%
Jean Bart
72%
Monkey D. Dragon
72%
Basil Hawkins
71%
Sakazuki
71%
Don Creek
70%
Ener
70%
Eustass Kid
70%
Gecko Moria
70%
Kuzan
70%
Rob Lucci
70%
Smoker
70%
Bentham
69%
Silvers Rayleigh
69%
Yasopp
69%
Bartolomeo
67%
Jewelry Bonney
67%
A.O
66%
Boa Hancock
66%
Borsalino
66%
Sengoku
64%
Jinbei
62%
Kaku
62%
Caribou
60%
Kuro
60%
Octo
60%
Zeff
60%
Daz Bones
59%
Kobby
59%
Drake
58%
Galdino
58%
Barbe Brune
57%
Ben Beckmann
57%
Killer
57%
Joz
55%
Oignon
55%
Tashigi
55%
Issho
54%
Magellan
54%
Mr. 5
54%
Tom
54%
Mr. 4
53%
Vista
53%
Bepo
52%
Kouzuki Oden
52%
Mr. 6
52%
Mr. 7
52%
Mr. 8
52%
Mr. 9
52%
Perona
52%
Carotte
51%
Kalifa
51%
Lucky Roo
51%
Hermep
50%
Icebarg
50%
Mr. 10
49%
Pica
49%
Brogy
48%
Capone Bege
48%
Ideo
48%
Mr. 11
48%
Diamante
47%
Emporio Ivankov
47%
Scratchmen Apoo
47%
Shiki
47%
Dorry
46%
Mr. 12
46%
Piment
46%
Absalom
45%
Diez Drake
45%
Gyro
45%
Koala
45%
Mr. 13
45%
Trébol
45%
Baby 5
44%
Kouzuki Momonosuke
44%
Spandam
44%
Urouge
44%
Crocus
42%
Jango
42%
Sugar
42%
Fisher Tiger
41%
Hody Jones
41%
Jack
41%
Odz
41%
Blueno
40%
Morgan
39%
Cavendish
38%
Jesus Burgess
38%
Boa Sandersonia
37%
Jabura
37%
Bellamy
36%
Vergo
36%
Belmer
35%
Boa Marigold
35%
Hiluluk
34%
Kaya
34%
Kureha
34%
Rockstar
34%
Neptune
33%
Riku Viola
33%
Shiliew
33%
Wapol
33%
Inazuma
32%
Kuina
32%
Pauly
32%
Senor Pink
32%
Kinemon
31%
Miss Merry Christmas
31%
Miss valentine
31%
Roshio
31%
Satch
31%
Hina
30%
Lao G
30%
Miss Doublefinger
30%
Miss Monday
30%
Mone
30%
Nojiko
30%
Coribou
29%
Doc Q
29%
Hogback
29%
Shirahoshi
29%
Cabaji
28%
Hajrudin
28%
Makino
28%
Margaret
28%
Nico Olvia
28%
Bluejam
27%
Dalton
27%
Dellinger
27%
Momonga
27%
Morge
27%
Smack
27%
Tsuru
27%
Buffalo
26%
Catarina Devon
26%
Diez Barrels
26%
Kong
26%
Laboon
26%
Miss Goldenweek
26%
Hannyabal
25%
Miss Wednesday
25%
Kanjuro
24%
Pearl
24%
Pekoms
24%
Gladius
23%
Laffitte
23%
Jora
22%
Merry
22%
Miss Friday
22%
Richie
22%
Charlotte Pudding
21%
Kokoro
21%
Penguin
21%
Satori
21%
Fukuro
20%
Gyn
20%
Machvise
20%
Ohm
19%
Squardo
19%
Van Augur
19%
Hack
18%
Kumadori
18%
Kuroobi
18%
Laura
18%
Miss Thursday
18%
Porche
18%
Ryuma
18%
Siam
18%
Izou
17%
Miss Saturday
17%
Sadi
17%
Sanjuan Wolf
17%
Don Chinjao
16%
Don Quichotte Rossinante
16%
Don Sai
16%
Gedatsu
16%
Hamburg
16%
Meuh-Meuh
16%
Orombus
16%
Tamago
16%
Vander Decken IX
16%
Yama
16%
Avalo Pizarro
15%
Genzo
15%
Haguar D. Sauro
15%
John
15%
Ryokugyu
15%
Shura
15%
Blue Gilly
14%
Clover
14%
Namur
14%
Oimo
14%
Otohime
14%
Sarquiss
14%
Vasco Shot
14%
Victoria Cindry
14%
Camie
13%
Fukaboshi
13%
Montblanc Cricket
13%
Odz Jr.
13%
Patty
13%
Scopper Gabban
13%
Spandine
13%
Vito
13%
Zephyr
13%
Abdullah
12%
Blamenco
12%
Chouchou
12%
Miss father's Day
12%
Nero
12%
Aphelandra
11%
Bastille
11%
Carne
11%
Dalmatian
11%
Demalo Black
11%
Heat
11%
Onigumo
11%
Tigré
11%
Aladdin
10%
Atmos
10%
Doberman
10%
Don Boo
10%
Funkfreed
10%
Jeet
10%
Macro
10%
T-Bone
10%
Whitey Bay
10%
Bartholomew Kuma
9%
Chess
9%
Curiel
9%
Domino
9%
Haruta
9%
Kotori
9%
Masira
9%
Pickles
9%
Rika
9%
Shachi
9%
Shirley
9%
Strawberry
9%
Tileston
9%
Zeo
9%
Big Pan
8%
Blenheim
8%
Fossa
8%
Kuromarimo
8%
Manboshi
8%
Miss Mother's day
8%
Saldeath
8%
Shojo
8%
Sweetpea
8%
Trafalgar D. Water Lamy
8%
Wadatsumi
8%
Yokozuna
8%
Yorki
8%
Chocolat
7%
Curly Dadan
7%
Daruma
7%
Frères Decalvan
7%
Hattori
7%
Hotori
7%
Indigo
7%
John Giant
7%
Karsee
7%
Kingdew
7%
Nezumi
7%
Porchemy
7%
Raizou
7%
Speed Jiru
7%
Stronger
7%
Very Good
7%
Wire
7%
Ain
6%
Doma
6%
Dosun
6%
Heppoko
6%
Higuma
6%
Hildon
6%
Koshiro
6%
Kumacy
6%
Lily
6%
Mc Guy
6%
Peeply Lulu
6%
Peppoko
6%
Poppoko
6%
Rakuyou
6%
Ririka
6%
Ryuboshi
6%
Shuu
6%
Stainless
6%
Ganbia
5%
Hyouzou
5%
Jigoro
5%
Kapoty
5%
Lacroix
5%
Lassou
5%
Monda
5%
Montblanc Norland
5%
Ran
5%
Salome
5%
Stelly
5%
Yu
5%
Andre
4%
Bobbin
4%
Cancer
4%
Cocoa
4%
Daisy
4%
Elmy
4%
Epoida
4%
Gina
4%
Gin Rummy
4%
Gyaro
4%
Hammond
4%
Ippon Matsu
4%
Lackey
4%
Laskey
4%
Lombric
4%
Maynard
4%
Ripper
4%
Ronse
4%
Sanshita
4%
Scarlet
4%
Scotch
4%
Sharinguru
4%
Sheephead
4%
Shelly
4%
Suleyman
4%
Yamakaji
4%
Amadob
3%
Bacura
3%
Bankina
3%
Billy
3%
Binz
3%
Bizarre
3%
Blue Fan
3%
Brandnew
3%
Bruce
3%
Buddle
3%
Chiqicheetah
3%
Choi
3%
Corgi
3%
Cosmos
3%
Delacuaji
3%
Dogra
3%
Donovan
3%
Drip
3%
Eddy
3%
Galley
3%
Helwett
3%
Hoop Slap
3%
Hustle
3%
Icaros Much
3%
Ideman
3%
Isle Wan
3%
Jonathan
3%
Jube
3%
Kagikko
3%
Kaneshiro
3%
Karma
3%
Kibagaeru
3%
Komir
3%
Magra
3%
Mani
3%
Manjaro
3%
Mikazuki
3%
Mounblutain
3%
Mozambia
3%
Mr. Love
3%
Mule
3%
Nora Gitsune
3%
Nugire Yainu
3%
Outlook III
3%
Palms
3%
Pisaro
3%
Pudding Pudding
3%
Ramba
3%
Rindo
3%
Robson
3%
Roth
3%
Seagull
3%
Sentomarou
3%
Shioyaki
3%
Shuuin
3%
Sonier
3%
Stefan
3%
Surume
3%
Take
3%
Tansui
3%
Tararan
3%
Turco
3%
Tweetums
3%
Yuda
3%
Zambai
3%
Agsilly
2%
Ahho Desunen IX
2%
Ahho Zurako
2%
Anjo
2%
Ankoro
2%
Attachan
2%
Baggaley
2%
Blondie
2%
Brew
2%
Brocca
2%
Bunny Joe
2%
Carol Materson
2%
Catacombo
2%
Chabo
2%
Chiken
2%
Daddy Materson
2%
Daddy Mee
2%
Devil Dias
2%
Farle
2%
Gaburu
2%
George Mach
2%
Girarin
2%
Governor
2%
Gyoru
2%
Hangan
2%
Hanger
2%
Hardy
2%
Harisenbon
2%
Hokker
2%
Hokoko
2%
Inuppe
2%
Julius
2%
Kadar
2%
Kasagoba
2%
Kibin
2%
Kinga
2%
Koze
2%
Makko
2%
Mashikaku
2%
Mizuta Madaisuki
2%
Mizuta Mawaritasuki
2%
Monstar
2%
Moor
2%
Morning
2%
Mr. Beans
2%
Mr. Mellow
2%
Mummy Mee
2%
Musshuru
2%
Naguri
2%
Nako
2%
Nelson Royale
2%
Nuru
2%
Okome
2%
Packi
2%
Pavlik
2%
Poro
2%
Randolph
2%
Raoul
2%
Rapanui Pasqua
2%
Rivers
2%
Rokkaku
2%
Sapi
2%
Shepherd
2%
Shuzo
2%
Sicily
2%
Stalker
2%
Terry Gilteo
2%
Wallem
2%
Water
2%
Yarisugi
2%
Yukimura
2%
Yurikah
2%
Zodia
2%
Zucca
2%
Akumai
1%
Mr. Shimizu
1%
Geronimo
0%
Miss Catharine
0%

Distribution des résultats

Percentile par nombre de réponses

% des personnes avec chaque résultat

Votre développement - résultats

Vous n’avez pas pris ce quiz depuis la dernière actualisation